000 01146naa a22003017a 4500
001 BR8203610
003 BR-BrBNA
005 20240918175121.0
007 ta
008 230509b bl.||||| |||| 00| 0 por d
040 _aBR-BrBNA
_bpor
_cBiblioteca Nacional de Agricultura
041 _a(Pt)
072 _aP05
090 _aP05 BR8203610
100 1 _aEduardo, J.H. de P.
111 1 _aEncontro Tecnico sobre Problemas e Oportunidades no Aproveitamento de Vinhoto
_cRio de Janeiro, RJ (Brazil)
_d15 Sep 1982
245 1 _aConcentracao e/ou incineracao do vinhoto
260 3 _aSao Paulo, SP (Brasil):
_c1982.
500 _aEncontro Tecnico sobre Problemas e Oportunidades no Aproveitamento de Vinhoto. Conferencias Sao Paulo, SP (Brasil): 1982. p. 17-24 (BR8203610-AM)P05
650 _aVINHACA
650 _aCOMBUSTAO
650 _aEVAPORADOR
650 _aINDUSTRIALIZACAO
650 _aCOMBUSTIVEL
773 0 _tEncontro Tecnico sobre Problemas e Oportunidades no Aproveitamento de Vinhoto. Conferencias
_wP05 BR8203610
_gSao Paulo, SP (Brasil), 1982. p. 17-24
909 _a202404
_bLucia
_c55
_dLucia Elande
942 _cAM
_2AGRIS
999 _c315106
_d315106